ARRUPE JESUIT UNIVERSITY

CORONAVIRUS -STOP THE SPREAD - CLEAN,DISINFECT,COVER

To nourish our faith : (Record no. 126698)

MARC details
000 -LEADER
fixed length control field 01087nam a2200301 a 4500
001 - CONTROL NUMBER
control field 1499981
003 - CONTROL NUMBER IDENTIFIER
control field ARRUPE
005 - DATE AND TIME OF LATEST TRANSACTION
control field 20170821085616.0
008 - FIXED-LENGTH DATA ELEMENTS--GENERAL INFORMATION
fixed length control field 880727s1987 sa a b 000 0 eng
010 ## - LIBRARY OF CONGRESS CONTROL NUMBER
LC control number 88166794
020 ## - INTERNATIONAL STANDARD BOOK NUMBER
International Standard Book Number 0620109424
040 ## - CATALOGING SOURCE
Original cataloging agency DLC
Transcribing agency DLC
Modifying agency DLC
043 ## - GEOGRAPHIC AREA CODE
Geographic area code f-sa---
050 00 - LIBRARY OF CONGRESS CALL NUMBER
Classification number BT1682
Item number S6.N787 1987
082 00 - DEWEY DECIMAL CLASSIFICATION NUMBER
Classification number 230/.268
Edition number 20
300 ## - PHYSICAL DESCRIPTION
Other physical details ill. ;
Dimensions 21 cm.
100 1# - MAIN ENTRY--PERSONAL NAME
Personal name Nolan, Albert,
Dates associated with a name 1934-
9 (RLIN) 34907
245 10 - TITLE STATEMENT
Title To nourish our faith :
Remainder of title the theology of liberation in Southern Africa /
Statement of responsibility, etc by Albert Nolan and Richard F. Broderick.
260 ## - PUBLICATION, DISTRIBUTION, ETC. (IMPRINT)
Place of publication, distribution, etc Hilton, South Africa :
Name of publisher, distributor, etc Order of Preachers (Southern Africa),
Date of publication, distribution, etc 1987.
300 ## - PHYSICAL DESCRIPTION
Extent v, 118 p. :
504 ## - BIBLIOGRAPHY, ETC. NOTE
Bibliography, etc Bibliography: p. 116-118.
650 #0 - SUBJECT ADDED ENTRY--TOPICAL TERM
Topical term or geographic name as entry element Liberation theology.
9 (RLIN) 34908
650 #0 - SUBJECT ADDED ENTRY--TOPICAL TERM
Topical term or geographic name as entry element Catholic church
Geographic subdivision South Africa.
9 (RLIN) 34909
700 1# - ADDED ENTRY--PERSONAL NAME
Personal name Broderick, Richard F.
9 (RLIN) 34910
740 0# - ADDED ENTRY--UNCONTROLLED RELATED/ANALYTICAL TITLE
Uncontrolled related/analytical title Theology of liberation in Southern Africa.
906 ## - LOCAL DATA ELEMENT F, LDF (RLIN)
a 7
b cbc
c orignew
d 3
e ncip
f 19
g y-gencatlg
942 ## - ADDED ENTRY ELEMENTS (KOHA)
Source of classification or shelving scheme Library of Congress Classification
Koha item type Monograph ( Printed materials)
Holdings
Withdrawn status Lost status Source of classification or shelving scheme Damaged status Not for loan Home library Current library Date acquired Total Checkouts Full call number Barcode Date last seen Price effective from Koha item type
    Library of Congress Classification     ARRUPE LIBRARY ARRUPE LIBRARY 21/08/2017   BT1682 S6.N787 1987 46500009874 22/11/2017 21/08/2017 Monograph ( Printed materials)

 

Arrupe Library. PO Box MP320 Mt Pleasant, Harare, Zimbabwe
263 242 745411|librarian@aju.ac.zw